Quiz o Antigui i Barbudzie - Statystyki

Ogólne statystyki
  • Ten quiz został rozwiązany 691 razy
  • Średni wynik to 9 z 15
Statystyki odpowiedzi
Wskazówka Odpowiedź % Poprawnych
Język oficjalny angielski
97%
Morze, na którym leży Antigua i Barbuda Morze {Karaibskie}
97%
Kraj, który rządził Antiguą i Barbudą w latach 1632–1981 Wielka Brytania
90%
Powyższe jest częścią tego większego archipelagu Małe {Antyle}
87%
Waluta Dolarwschodniokaraibski
80%
Najpopularniejszy sport Krykiet
74%
Dział gospodarki, któryodpowiada za około 50% PKB Turystyka
73%
Stolica Saint John’s
66%
Uważa się, że choroba zakaźna zabiła większość mieszkańcówtego państwa Ospa
47%
Znaczenie słowa "Antigua” w języku hiszpańskim Stara
39%
Znaczenie słowa "Barbuda” w języku hiszpańskim Brodata
35%
Grupa wysp, do której należy Wyspy {Podwietrzne}
27%
Największe miasto na Barbudzie Codrington
26%
Nazwisko przywódców (ojca i syna) Vere i Lester Bird
25%
Najwyższe wzniesienie Boggy Peak
25%
Nie znaleziono quizów pasujących do podanych kryteriów
Rozkład punktacji
Procent ludzi z każdym wynikiem
Percentyl według liczby udzielonych odpowiedzi
Twoja historia wyników
Nie rozwiązałeś tego quizu